Loading...
Sugar beet pests
| Main Author: | |
|---|---|
| Format: | Printed Book |
| Language: | Undetermined English |
| Published: |
London
Her Majesty`s Stationary Office
1972
|
| Subjects: |
| LEADER | 00637nam a2200157Ia 4500 | ||
|---|---|---|---|
| 008 | 140306s9999 xx 000 0 und d | ||
| 041 | |a eng | ||
| 082 | |a 595.7 |b JON/SU | ||
| 100 | |a Jones, F G W | ||
| 245 | |a Sugar beet pests | ||
| 260 | |a London |b Her Majesty`s Stationary Office |c 1972 | ||
| 650 | |a Entomology | ||
| 942 | |2 ddc |c BK | ||
| 999 | |c 119885 |d 119885 | ||
| 952 | |0 0 |1 0 |2 ddc |4 0 |6 595_700000000000000_JONSU |7 0 |9 119089 |a KAUHCV |b KAUHCV |d 2004-05-05 |o 595.7 JON/SU |p KAU_HCV-2126 |r 2014-03-22 |w 2014-03-22 |y BK | ||
| 952 | |0 0 |1 0 |2 ddc |4 0 |6 595_700000000000000_JONSU |7 0 |9 119090 |a KAUHCV |b KAUHCV |d 2004-05-05 |o 595.7 JON/SU |p KAU_HCV-5906 |r 2014-03-22 |w 2014-03-22 |y BK | ||